000 00785nam a2200265Ia 4500
003 OSt
005 20221005055905.0
006 a|||||r|||| 00| 0
007 ta
008 221004b |||||||| |||| 00| 0 eng d
020 _a9780352347909 (pbk)
_cIndian Rupees 299
024 _a70046
037 _bGift, 16/11/2021,
_cTextual
040 _aCRL
_cCRL
_beng
041 _2eng
_aeng
082 _aO111,3NCO:g(S:55), Q5
100 _aCosta Portia da Au.
_9599174
245 0 _aHow to seduce a billionaire
260 _aLondon
_bPenguin UK
_c2015
300 _a425p.
_ccm.
650 _a ENGLISH LITERATURE
650 _aENGLISH FICTION
942 _hO111,3NCO:g(S:55), Q5
_cTEXL
_2cc
999 _c965866
_d965866